000 nam a22 7a 4500
999 _c7153
_d7153
008 170725b xxu||||| |||| 00| 0 eng d
100 _93729
_aJosh Amit
245 _aSample question papers
260 _aNew delhi
_bArihant Publication